Speak, so you can speak again : the life of Zora Neale Hurston /

Bibliographic Details
Main Author: Hurston, Lucy Anne
Format: Book
Language:English
Published: New York : Doubleday, [2004]
Edition:1st ed.
Subjects:

MARC

Tag First Indicator Second Indicator Subfields
LEADER 00000cam a2200000 a 4500
001 in00002010522
005 20151031143013.0
008 030721s2004 nyuabhm 000 0beng
010 |a  2003055598 
020 |a 0385493754 
035 |a (OCoLC)ocm52757410 
040 |a DLC  |c DLC  |d C#P  |d TXA  |d UtOrBLW 
043 |a n-us---  |a n-usu-- 
049 |a TXAM 
050 0 0 |a PS3515.U789  |b Z74 2004 
082 0 0 |a 813/.52  |a B  |2 22 
100 1 |a Hurston, Lucy Anne. 
245 1 0 |a Speak, so you can speak again :  |b the life of Zora Neale Hurston /  |c Lucy Anne Hurston and the estate of Zora Neale Hurston. 
250 |a 1st ed. 
264 1 |a New York :  |b Doubleday,  |c [2004] 
264 4 |c ©2004 
300 |a 36 pages :  |b illustrations, map, facsimiles ;  |c 26 cm. +  |e 1 CD (digital ; 4 3/4 in.) 
336 |a text  |b txt  |2 rdacontent 
337 |a unmediated  |b n  |2 rdamedia 
338 |a volume  |b nc  |2 rdacarrier 
500 |a Features pull-out facsimiles of cards, letters, manuscripts, etc. 
600 1 0 |a Hurston, Zora Neale. 
650 0 |a Authors, American  |y 20th century  |v Biography. 
650 0 |a African American women  |z Southern States  |v Biography. 
650 0 |a Folklorists  |z United States  |v Biography. 
650 0 |a African American authors  |v Biography. 
651 0 |a Southern States  |v Biography. 
650 0 |a Toy and movable books  |v Specimens. 
994 |a C0  |b TXA 
948 |a cataloged  |b h  |c 2004/11/19  |d c  |e blrosas  |f 11:51:00 am 
999 |a MARS 
999 f f |s fb7f88a0-9d52-339a-bfde-5cb81734cf23  |i 02a3f7b0-ea77-3035-b320-7d2972e310c7  |t 0 
952 f f |p ric  |a Texas A&M University  |b Rellis Campus  |c Joint Library Facility  |s JLF  |d Remote Storage  |t 0  |e PS3515.U789 Z74 2004  |h Library of Congress classification  |i unmediated -- volume  |m A14831604973 
998 f f |a PS3515.U789 Z74 2004  |t 0  |l Remote Storage